00720nam a2200205 a 450000100100000000500170001000800410002704000250006808200200009310000350011324500470014826000410019530000200023659000260025665000280028265000310031091000380034195201180037999900170049700001134120240412074225.0091016s1968 dr r 000 p spa d aDO-SdBNPbspacBNPHU aRD861.44bR696g1 aRodríguez, Bolivar E.91030810aGrito :bversos /cBolivar E. Rodríguez. aSanto Domingo :bArte y Cine,c1968. a88 p. ;c21 cm. aInventariado, 2018/BT 0aPoesía dominicana966 0aLiteratura dominicana.967 aValidado. Control de calidad. MFF 0010718PDaPDbPDcHDd2009-10-16iLF1l0oRD861.44 R696gp11341-10r2020-06-25w2020-06-25yLFPDZNo se presta c11048d11048